| 000 -LEADER |
| fixed length control field |
05051cam a22003255i 4500 |
| 003 - CONTROL NUMBER IDENTIFIER |
| control field |
OSt |
| 005 - DATE AND TIME OF LATEST TRANSACTION |
| control field |
20200513144110.0 |
| 008 - FIXED-LENGTH DATA ELEMENTS--GENERAL INFORMATION |
| fixed length control field |
180412t20162016njuabe b 001 0 eng d |
| 010 ## - LIBRARY OF CONGRESS CONTROL NUMBER |
| LC control number |
2017471932 |
| 016 7# - NATIONAL BIBLIOGRAPHIC AGENCY CONTROL NUMBER |
| Record control number |
017808747 |
| Source |
Uk |
| 020 ## - INTERNATIONAL STANDARD BOOK NUMBER |
| International Standard Book Number |
9781118909508 |
| Qualifying information |
(hardcover) |
| 082 04 - DEWEY DECIMAL CLASSIFICATION NUMBER |
| Classification number |
720.284 |
| Edition number |
23 |
| 245 00 - TITLE STATEMENT |
| Title |
Architectural graphic standards / |
| Statement of responsibility, etc |
authored by the American Institute of Architects ; Dennis J. Hall, FAIA, FCSI, editor-in-chief ; The Magnum Group, illustrator. |
| 250 ## - EDITION STATEMENT |
| Edition statement |
Twelfth edition. |
| 300 ## - PHYSICAL DESCRIPTION |
| Extent |
xix, 1062 pages : |
| Other physical details |
illustrations, maps, plans ; |
| Dimensions |
30 cm |
| 504 ## - BIBLIOGRAPHY, ETC. NOTE |
| Bibliography, etc |
Includes bibliographical references and index. |
| 505 0# - FORMATTED CONTENTS NOTE |
| Formatted contents note |
Section 1. Design principles & construction documentation : Functional planning : Human factors ; Universal and accessible design -- Environment : Environmental factors ; Solar path and solar angle ; Climate zone ; Thermal control ; Daylighting ; Acoustics -- Building resiliency : Overview ; Components of building resilience ; Hazard-specific building-resilience considerations ; Maintainability ; Safety ; Security ; Security planning and design: continuing education ; Sustainability ; Good practices in resilience-based architectural designs ; Crime prevention through environmental design ; Lifecycle considerations in resilience-based design -- Architectural construction documentation : Drawings ; Construction specifications ; Building Information Modeling (BIM) ; Procurement documents -- Section 2. Materials : Concrete : Concrete forming and accessories ; Concrete reinforcing ; Typical components applicable to concrete work -- Masonry : Typical components applicable to masonry work ; Glass unit masonry ; Stone assemblies ; Masonry mortaring and grouting ; Masonry anchorage, reinforcing, and accessories ; Installation guidelines and construction tolerances -- Metals : Common characteristics, standards and practices ; Typical metal products incorporated into applicable work results ; Decorative metal ; Installation guidelines and construction tolerances -- Wood, plastics, and composites : Common characteristics, standards, and practices ; Wood classification ; Wood treatment ; Typical wood, plastic, and composite products incorporated into applicable work results ; Installation guidelines and construction tolerances -- Glass : Common characteristics, standards, and practices -- Section 3. Building elements : Element A: Substructure : Soils and soils explorations ; Foundations ; Cast-in-place concrete slab ; Crawl space construction ; Basement construction -- Element B: Shell : Design considerations ; Sustainability and energy ; Floor assemblies ; Roof assemblies ; Superstructure ; Exterior vertical enclosures ; Exterior horizontal enclosures -- Element C: Interiors : Interior construction -- Element D: Services : Conveying ; Other conveying equipment ; Plumbing ; Heating, ventilating, and air-conditioning (HVAC) : Design considerations ; Heating/cooling source components ; HVAC distribution arrangements and components ; HVAC delivery components ; HVAC control systems ; Fire protection ; Electrical ; Communications -- Element E: Equipment and furnishings : Equipment ; Furnishings -- Element F: Special construction : Design considerations of integrated construction ; Building modules ; Manufactured: fabricated rooms ; Special structures ; Manufactured engineered structures ; Special function construction ; Special facilities components ; Athletic and recreation special construction -- Element G: Sitework : Site earthwork ; Runoff control systems ; Water management ; Basement excavation ; Site grading ; Site improvements ; Parking lots ; Porous pavement ; Pedestrian paving ; Exterior stairs and ramps ; Athletic and recreation areas ; Site development ; Landscaping ; Selecting plants for rooftop planting ; Site civil utilities ; Porous paving systems ; Storm drainage grates ; Manholes, inlets, and catch basins ; Site electrical utilities -- Appendices : Classical architectural elements -- Mathematical data -- Structural calculations. |
| 520 ## - SUMMARY, ETC. |
| Summary, etc |
A reference for building design and construction professionals. The twelfth edition features: up-to-date codes and standards, with over 300 new drawings, tables, and diagrams; new coverage of building resiliency, emphasizing the building envelope; material properties and performance analyses, with expanded materials selection; environmental factors including climate, thermal comfort, daylighting, and acoustics; sustainability and Universal Design principles integrated throughout the text. |
| 650 #0 - SUBJECT ADDED ENTRY--TOPICAL TERM |
| Topical term or geographic name as entry element |
Building |
| General subdivision |
Details |
| -- |
Drawings |
| -- |
Standards. |
| 650 #0 - SUBJECT ADDED ENTRY--TOPICAL TERM |
| Topical term or geographic name as entry element |
Architectural drawing |
| General subdivision |
Standards. |
| 650 #0 - SUBJECT ADDED ENTRY--TOPICAL TERM |
| Topical term or geographic name as entry element |
Standards, Engineering. |
| 650 #7 - SUBJECT ADDED ENTRY--TOPICAL TERM |
| Topical term or geographic name as entry element |
Architectural drawing |
| General subdivision |
Standards. |
| Source of heading or term |
fast |
| 650 #7 - SUBJECT ADDED ENTRY--TOPICAL TERM |
| Topical term or geographic name as entry element |
Building |
| General subdivision |
Details |
| -- |
Drawings |
| -- |
Standards. |
| Source of heading or term |
fast |
| 650 #7 - SUBJECT ADDED ENTRY--TOPICAL TERM |
| Topical term or geographic name as entry element |
Standards, Engineering. |
| Source of heading or term |
fast |
| 650 #7 - SUBJECT ADDED ENTRY--TOPICAL TERM |
| Topical term or geographic name as entry element |
Arkitekturritningar. |
| Source of heading or term |
sao |
| 650 #7 - SUBJECT ADDED ENTRY--TOPICAL TERM |
| Topical term or geographic name as entry element |
Byggnadsteknik. |
| Source of heading or term |
sao |
| 700 1# - ADDED ENTRY--PERSONAL NAME |
| Personal name |
Hall, Dennis J., |
| Dates associated with a name |
1954- |
| Relator term |
editor. |
| 710 2# - ADDED ENTRY--CORPORATE NAME |
| Corporate name or jurisdiction name as entry element |
American Institute of Architects. |
| 942 ## - ADDED ENTRY ELEMENTS (KOHA) |
| Source of classification or shelving scheme |
|